English for the office : (Record no. 115919)
[ view plain ]
| 000 -LEADER | |
|---|---|
| fixed length control field | 00558cam9a220019300 4500 |
| 001 - CONTROL NUMBER | |
| control field | tmp15924106 |
| 003 - CONTROL NUMBER IDENTIFIER | |
| control field | UPRA |
| 005 - DATE AND TIME OF LATEST TRANSACTION | |
| control field | 20190821135201.0 |
| 008 - FIXED-LENGTH DATA ELEMENTS--GENERAL INFORMATION | |
| fixed length control field | 951113s1976 xx eng u |
| 035 ## - SYSTEM CONTROL NUMBER | |
| System control number | (Sirsi) r49064 |
| 035 ## - SYSTEM CONTROL NUMBER | |
| System control number | (UPRA)tmp15924106 |
| 040 ## - CATALOGING SOURCE | |
| Transcribing agency | UPRA |
| 100 1# - MAIN ENTRY--PERSONAL NAME | |
| Personal name | Littler, Peter. |
| Linkage | A7095.1 |
| 245 10 - TITLE STATEMENT | |
| Title | English for the office : |
| Remainder of title | a guide to oral and written communication for commerce students and young office workers. |
| 250 ## - EDITION STATEMENT | |
| Edition statement | 2nd. |
| 260 ## - PUBLICATION, DISTRIBUTION, ETC. | |
| Date of publication, distribution, etc. | 1976. |
| 949 ## - LOCAL PROCESSING INFORMATION (OCLC) | |
| a | HF5718 |
| w | lcc |
| i | -61017 |
| m | MAIN |
| t | BOOK |
| l | ON-SHELF |
No items available.